000 00894nam a2200277 i 4500
001 13098
003 ES-MaACL
005 20250806034247.0
007 t|
008 971201s1996 sp ||||1| spa d
020 _a84-206-2854-9
080 _a17:32
080 _a32:17
080 _a172
100 1 _aWalzer, Michael.
_9116034
245 1 0 _aMoralidad en el ámbito local e internacional /
_cMichael Walzer ; versión española y estudio introductorio de Rafael del Aguila.
260 _aMadrid :
_bAlianza Editorial,
_cD.L. 1996.
300 _a136 p. ;
_c20 cm.
490 1 _aAlianza universidad ;
_v854
650 7 _aÉtica política
_2embne
_9136540
650 7 _aÉtica social
_2embne
_912593
700 1 _aÁguila Tejerina, Rafael del.
_918676
830 0 _aAlianza universidad ;
_v854
_9177276
852 _aES-MaACL
_jL-20406
_bR.126177
999 _c13098
_d13098